1727 1913 1051 1975 1449 1073 1125 1388 1909 1844 1207 1270 1100 1664 1121 1113 1214 1530 1064 1415 1072 1031 1061 1518 1537 1465 1712 1448 1008 1701 1878 1979 1841 1356 1013 1420 1260 1283 1872 1293 1162 1152 1492 1687 1713 1630 1202 1681 1118 1949 1810 1217 1821 1393 1300 1101 1443 1336 1855 1435 1411 1157 1674 1656 1876 1924 1974 1756 1641 1487 1834 1404 1842 1211 1763 1263 1712 1787 1258 1178 1048 1819 1242 1817 1723 1824 1893 1834 1968 1430 1692 1905 1112 1790 1134 1504 1069 1205 1897 BCNSPRNW ULIB Ver.6.0+V

เปลี่ยนเป็นภาษาไทย

Change to English
 แสดงรายละเอียดบรรณานุกรม
  กลับหน้าหลัก

Brief Record : Get Marc (ISO 2709) : E-mail record : QR code < ปิดหน้าต่าง
LEADER : 00000nam 2200000uu 4500
001    13399122104
003     ULIB
008    121226s2550||||th 000 0 tha d
020    ^a9747878042
060 04 ^aWI409^bศ322ป 2550
100 0  ^aศักดิ์ บวร
245 10 ^aปัญหาระบบขับถ่าย /^cศักดิ์ บวร, เรียบเรียง
250    ^aพิมพ์ครั้งที่ 2
260    ^aนนทบุรี :^bสมิต,^c2550
300    ^a80 หน้า :^bภาพประกอบ
440  0 ^aชุดอาหารและสุขภาพ
650  7 ^aระบบขับถ่าย
945    ^p70^l0^i14311
995    ^aทศพร
999    ^aทศพร เกษรทอง
รายการนี้ยังไม่มีแท็ก
คุณยังไม่ได้ล็อกอิน คุณสามารถมีกิจกรรมร่วมกับเว็บไซต์ได้ แต่ต้องล็อกอินก่อน ::
  ล็อกอิน

รายการสื่อสารสนเทศ

ลำดับที่ ประเภท เลขเรียก/บาร์โค้ด สถานที่ สถานะ
1. วิทยาศาสตร์การแพทย์ และสุขภาพ
วิทยาศาสตร์การแพทย์ และสุขภาพ
WI409 ศ322ป 2550 ฉ.1 
  Barcode: 14311
ห้องสมุดวิทยาเขตสวรรค์ประชารักษ์
►ส่วนจัดเก็บหนังสือเก่า สปร
บนชั้น
  ขอยืม

รายการใกล้เคียง
    ผู้แต่ง [ศักดิ์ บวร]

    หัวเรื่อง [ระบบขับถ่าย]

BibComment


ยังไม่เคยถูกคอมเมนท์

คอมเมนท์ทรัพยากรรายการนี้
  คอมเมนท์: ปัญหาระบบขับถ่าย..


 Copyright 2026. Bcnsprnw @Library